| 000 | 00894nam a22001937a 4500 | ||
|---|---|---|---|
| 999 |
_c61921 _d61921 |
||
| 003 | Ge_BSU | ||
| 005 | 20240610165045.0 | ||
| 008 | 240610s1967 ge ||||| |||| 00| 0 geo d | ||
| 041 | _ageo | ||
| 080 | _a61(479.22)(092) ნ-15 | ||
| 100 |
_aნადარეიშვილი, გრიგოლ _922382 |
||
| 245 |
_aივანე გომართელი : _b[ცხოვრება და შემოქმედება] / _cგრიგოლ ნადარეიშვილი. |
||
| 264 |
_aთბილისი : _bგანათლება, _c1967. |
||
| 300 |
_a171 გვ. : _b1 ფ. პორტრ. ; _c21 სმ |
||
| 653 | _aგომართელი, ივანე | ||
| 653 | _aქართველი ექიმები | ||
| 653 | _aქართველი საზოგადო მოღვაწეები | ||
| 942 |
_2udc _cᲬᲘᲒᲜᲘ |
||